[Event "Hessen-chB"]
[Site "Frankfurt"]
[Date "2018.05.12"]
[Round "6"]
[White "Eckert, Michael"]
[Black "Menz, Florian"]
[Result "1/2-1/2"]
[WhiteElo "1649"]
[BlackElo "1457"]
[PlyCount "37"]
[EventDate "2018.05.10"]
[EventType "swiss"]
[EventRounds "7"]
[EventCountry "GER"]
[SourceTitle "EXT 2019"]
[Source "ChessBase"]
[SourceDate "2018.10.10"]
[SourceVersion "1"]
[SourceVersionDate "2018.10.10"]
[SourceQuality "1"]

1. e4 e5 2. Bc4 Bc5 3. Nf3 d6 4. 0-0 Ne7 5. h3 0-0 6. c3 Nbc6 7. d4 exd4 8. cxd4 Bb6 9. Nc3 Na5 10. Bd3 Nac6 11. Be3 f5 12. exf5 Nxf5 13. Bg5 Qd7 14. d5 Nce7 15. Be4 Ng3 16. Bxe7 Qxe7 17. Re1 Nxe4 18. Rxe4 Qf7 19. h4 1/2-1/2

[Event "Hessen-chB"]
[Site "Frankfurt"]
[Date "2018.05.11"]
[Round "3"]
[White "Stiller, Bjoern"]
[Black "Menz, Florian"]
[Result "1-0"]
[WhiteElo "1673"]
[BlackElo "1457"]
[PlyCount "49"]
[EventDate "2018.05.10"]
[EventType "swiss"]
[EventRounds "7"]
[EventCountry "GER"]
[SourceTitle "EXT 2019"]
[Source "ChessBase"]
[SourceDate "2018.10.10"]
[SourceVersion "1"]
[SourceVersionDate "2018.10.10"]
[SourceQuality "1"]

1. e4 e5 2. Nf3 Nc6 3. d4 exd4 4. Nxd4 Qf6 5. Be3 Bc5 6. c3 Nge7 7. Bc4 0-0 8. 0-0 Rd8 9. f4 d6 10. Kh1 Nxd4 11. Bxd4 Bxd4 12. cxd4 d5 13. e5 Qg6 14. Bd3 Bf5 15. Bxf5 Nxf5 16. Qd2 Qh6 17. Kg1 Qb6 18. Rd1 c5 19. dxc5 Qxc5+ 20. Kh1 Rac8 21. Nc3 Ne3 22. Rdc1 d4 23. Ne4 Qd5 24. Nd6 Nc4 25. Nxc8 1-0

[Event "Hessen-chB"]
[Site "Frankfurt"]
[Date "2018.05.10"]
[Round "2"]
[White "Menz, Florian"]
[Black "Rabiya, Karim"]
[Result "0-1"]
[WhiteElo "1457"]
[BlackElo "1643"]
[PlyCount "44"]
[EventDate "2018.05.10"]
[EventType "swiss"]
[EventRounds "7"]
[EventCountry "GER"]
[SourceTitle "EXT 2019"]
[Source "ChessBase"]
[SourceDate "2018.10.10"]
[SourceVersion "1"]
[SourceVersionDate "2018.10.10"]
[SourceQuality "1"]

1. e4 Nf6 2. Nc3 d6 3. Bc4 c6 4. d3 b5 5. Bb3 a5 6. a3 e5 7. Nge2 Na6 8. 0-0 Be7 9. f4 Bg4 10. Qe1 Nc5 11. Ba2 b4 12. Nd1 Rb8 13. Ne3 b3 14. cxb3 Qb6 15. Qd2 Be6 16. Nc4 Bxc4 17. bxc4 Nb3+ 18. Qe3 Nxc1 19. Qxb6 Nxe2+ 20. Kf2 Rxb6 21. Kxe2 Rxb2+ 22. Kf3 0-0 0-1